00646 2200229 4500001002100000005001500021035002000036245005700056100001900113250001000132300004000142700001500182260003500197082000800232084001400240020001600254600003700270650003800307650003400345500001700379990002000396INLIS00000000000417120230306111002 a0010-03230000251 aSwadidik Matematika /cTrevor Johnson dan Huge Neill0 aTrevor Johnson acet 1 a284 hlm. :bilus ;c14,5 x 20,7 cm.0 aHuge Neill aBandung. :bPakar Raya.,c2010 a510 a510 TRE s a979534705-7 aPengalih Bahasa,Ramonita Baradja aPenyunting Bahasa,Rachmad Isnanto aPenggambar Ulang,Deni Sarjoko aCatatan Umum a12991/P/BL/2016